000 01186cam a22003015i 4500
999 _c14658
_d14658
003 EG-ScBUE
005 20200121150210.0
008 200121s1983 ua g b 001 pdara d
017 _a1983 / 2464
020 _a9770204005
040 _aEG-ScBUE
_bara
_erda
_cEG-ScBUE
_dEG-ScBUE
082 0 4 _a892.712
_bح س ا
_222
100 0 _aحسان بن ثابت،
_d-674،
_eمؤلف.
245 1 0 _aديوان حسان بن ثابت /
_cتحقيق دكتور سيد حنفي حسنين.
264 1 _aالقاهرة :
_bدار المعارف،
_c1983.
300 _a546 صفحة، [10] صفحات من اللوحات ؛
_c24 سم
336 _aنص
_btxt
_2rdacontent
337 _aبدون وسيط
_bn
_2rdamedia
338 _aمجلد
_bnc
_2rdacarrier
504 _aيشتمل على إرجاعات ببليوجرافية وكشافات.
600 0 7 _aحسان بن ثابت،
_d-674
_xنقد وتفسير.
_2BUEsh
650 7 _aالشعر العربي
_vدواوين وقصائد.
_2BUEsh
_97996
650 7 _aالشعر العربي
_xتاريخ ونقد.
_2BUEsh
651 _2BUEsh
653 _bARALIT
_bGGEN
700 1 _aحسنين، سيد حنفي،
_eمحقق.
942 _2ddc
_cBB